Wielka Brytania dla Amerykanów - prawda czy fałsz - Statystyki

Ogólne statystyki
  • Ten quiz został rozwiązany 25 razy
  • Średni wynik to 10 z 18
Statystyki odpowiedzi
Zagadnienie Odpowiedź % Poprawnych
Aby podróżować między Anglią a Szkocją, potrzebny jest paszport Fałsz
93%
Kara śmierci jest nadal stosowana w Wielkiej Brytanii. Fałsz
86%
Na szkockim weselu pan młody często zakłada kilt Prawda
79%
Technicznie rzecz biorąc, wszystkie ustawy uchwalone przez parlament muszą uzyskać akceptację króla, zanim wejdą w życie Prawda
79%
Południe Anglii jest bogatsze niż północ Prawda
79%
W Wielkiej Brytanii znajduje się kilka aktywnych wulkanów Fałsz
71%
Rzymianie zbudowali Stonehenge Fałsz
57%
Aby otrzymać tytuł szlachecki, musisz służyć w wojsku Fałsz
57%
Aby oglądać transmisje na żywo na domowym telewizorze, musisz zapłacić roczną opłatę Prawda
57%
Kajmany są terytorium Wielkiej Brytanii Prawda
57%
Większość mieszkańców Walii posługuje się językiem walijskim jako podstawowym Fałsz
43%
Akcent Cockney pochodzi z miast przemysłowych na północy Anglii Fałsz
43%
Wielka Brytania ma pisemną konstytucję podobną do konstytucji Stanów Zjednoczonych Fałsz
43%
Jajka zazwyczaj NIE są przechowywane w lodówce w sklepie spożywczym Prawda
43%
Niektóre monety używane w Wielkiej Brytanii nie są okrągłe Prawda
43%
Muhammad to najpopularniejsze imię nadawane chłopcom urodzonym w Londynie Prawda
43%
Słowo „soccer” pochodzi z Wielkiej Brytanii. Prawda
36%
„The Hound and Hares” to najpopularniejsza nazwa pubów w Wielkiej Brytanii. Fałsz
29%
Nie znaleziono quizów pasujących do podanych kryteriów
Rozkład punktacji
Procent ludzi z każdym wynikiem
Percentyl według liczby udzielonych odpowiedzi
Twoja historia wyników
Nie rozwiązałeś tego quizu